Middle range theories : (Record no. 1475)

MARC details
000 -LEADER
fixed length control field 02669cam a22004934a 4500
001 - CONTROL NUMBER
control field data
005 - DATE AND TIME OF LATEST TRANSACTION
control field 20260322212102.0
008 - FIXED-LENGTH DATA ELEMENTS--GENERAL INFORMATION
fixed length control field data
035 ## - SYSTEM CONTROL NUMBER
System control number 15089456
010 ## - LIBRARY OF CONGRESS CONTROL NUMBER
LC control number 2007047700
016 7# - NATIONAL BIBLIOGRAPHIC AGENCY CONTROL NUMBER
Record control number 101321359
Source DNLM
020 ## - INTERNATIONAL STANDARD BOOK NUMBER
International Standard Book Number 9780781785624
Qualifying information alk. paper
020 ## - INTERNATIONAL STANDARD BOOK NUMBER
International Standard Book Number 0781785626
Qualifying information alk. paper
035 ## - SYSTEM CONTROL NUMBER
System control number (OCoLC)181903792
Canceled/invalid control number (OCoLC)148734131
040 ## - CATALOGING SOURCE
Original cataloging agency DNLM/DLC
Transcribing agency DLC
Modifying agency DLC
-- BAKER
-- C#P
-- YDXCP
-- BTCTA
-- ZQP
-- NLGGC
-- DLC
042 ## - AUTHENTICATION CODE
Authentication code pcc
050 00 - LIBRARY OF CONGRESS CALL NUMBER
Classification number RT84.5
Item number .M535 2009
060 00 - NATIONAL LIBRARY OF MEDICINE CALL NUMBER
Classification number 2008 E-292
060 10 - NATIONAL LIBRARY OF MEDICINE CALL NUMBER
Classification number WY 86
Item number M6269 2009
082 00 - DEWEY DECIMAL CLASSIFICATION NUMBER
Classification number 610.7301
Edition information 22
084 ## - OTHER CLASSIFICATION NUMBER
Classification number 44.63
Number source bcl
245 00 - TITLE STATEMENT
Title Middle range theories :
Remainder of title application to nursing research /
Statement of responsibility, etc. [edited by] Sandra J. Peterson, Timothy S. Bredow.
250 ## - EDITION STATEMENT
Edition statement 2nd ed.
260 ## - PUBLICATION, DISTRIBUTION, ETC.
Place of publication, distribution, etc. Philadelphia :
Name of publisher, distributor, etc. Wolters Kluwer Health/Lippincott Williams & Wilkins,
Date of publication, distribution, etc. c2009.
300 ## - PHYSICAL DESCRIPTION
Extent xviii, 420 p. :
Other physical details ill. ;
Dimensions 24 cm.
336 ## - CONTENT TYPE
Content type term text
Content type code txt
Source rdacontent
337 ## - MEDIA TYPE
Media type term unmediated
Media type code n
Source rdamedia
338 ## - CARRIER TYPE
Carrier type term volume
Carrier type code nc
Source rdacarrier
504 ## - BIBLIOGRAPHY, ETC. NOTE
Bibliography, etc. note Includes bibliographical references and index.
505 0# - FORMATTED CONTENTS NOTE
Formatted contents note Introduction to the nature of nursing knowledge / Sandra J. Peterson -- Analysis, evaluation, and selection of a middle range nursing theory / Timothy S. Bredow -- Pain : a balance between analgesia and side effects / Marion Good -- Unpleasant symptoms / Audrey Gift -- The AACN synergy model / Sonya R. Hardin -- Self-efficacy / Barbara Resnick -- Chronic sorrow / Georgene Gaskill Eakes -- Social support / Marjorie A. Schaffer -- Caring / Danuta M. Wojnar -- Interpersonal relations / Sandra J. Peterson -- Modeling and role-modeling / Ellen D. Shultz -- Comfort / Katharine Kolcaba -- Health-related quality of life / Timothy S. Bredow, Sandra J. Peterson, and Kristin E. Sandau -- Health promotion / Marjorie Cook McCullagh -- Deliberative nursing process / Mertie L. Potter -- Resilience / Joan E. Haase.
650 #0 - SUBJECT ADDED ENTRY--TOPICAL TERM
Topical term or geographic name entry element Nursing
General subdivision Philosophy.
650 #0 - SUBJECT ADDED ENTRY--TOPICAL TERM
Topical term or geographic name entry element Nursing
General subdivision Research.
650 #0 - SUBJECT ADDED ENTRY--TOPICAL TERM
Topical term or geographic name entry element Nursing.
650 12 - SUBJECT ADDED ENTRY--TOPICAL TERM
Topical term or geographic name entry element Nursing Theory.
650 22 - SUBJECT ADDED ENTRY--TOPICAL TERM
Topical term or geographic name entry element Nursing Research.
700 1# - ADDED ENTRY--PERSONAL NAME
Personal name Peterson, Sandra J.
700 1# - ADDED ENTRY--PERSONAL NAME
Personal name Bredow, Timothy S.
856 42 - ELECTRONIC LOCATION AND ACCESS
Materials specified Publisher description
Uniform Resource Identifier <a href="http://www.loc.gov/catdir/enhancements/fy0805/2007047700-d.html">http://www.loc.gov/catdir/enhancements/fy0805/2007047700-d.html</a>
856 41 - ELECTRONIC LOCATION AND ACCESS
Materials specified Table of contents only
Uniform Resource Identifier <a href="http://www.loc.gov/catdir/enhancements/fy0828/2007047700-t.html">http://www.loc.gov/catdir/enhancements/fy0828/2007047700-t.html</a>
906 ## - LOCAL DATA ELEMENT F, LDF (RLIN)
a 7
b cbc
c orignew
d 1
e ecip
f 20
g y-gencatlg
925 1# -
-- acquire
-- 1 shelf copy
-- policy default
955 ## - COPY-LEVEL INFORMATION (RLIN)
-- jc18 2007-11-21
-- jc18 2007-11-21 to Dewey
-- pv03 2008-07-22 Z-CipVer
Holdings
Withdrawn status Lost status Damaged status Not for loan Home library Current library Shelving location Date acquired Total checkouts Full call number Barcode Date last seen Price effective from Koha item type
        Riverside Riverside General stacks 22/03/2026   610.7301 LOC-RPL-00022 22/03/2026 22/03/2026 Books